Central Library OPAC University of Rajshahi

Three plays : (Record no. 16986)

MARC details
000 -LEADER
fixed length control field 00738cam a2200229u 4500
001 - CONTROL NUMBER
control field 16986
003 - CONTROL NUMBER IDENTIFIER
rucl marc code BD-RjUL
005 - DATE AND TIME OF LATEST TRANSACTION
control field 20211209000055.0
008 - FIXED-LENGTH DATA ELEMENTS--GENERAL INFORMATION
fixed length control field 140216s1940 nyu 000 0 eng
035 ## - SYSTEM CONTROL NUMBER
System control number (BD-RjUL)17043
040 ## - CATALOGING SOURCE
Original cataloging agency DLC
Transcribing agency CarP
Modifying agency DLC
-- BD-RjUL
Language of cataloging eng
041 ## - LANGUAGE CODE
Language code of text/sound track or separate title eng
082 04 - DEWEY DECIMAL CLASSIFICATION NUMBER
Classification number 811.5
Author mark and year SAT 1940
100 1# - MAIN ENTRY--PERSONAL NAME
Personal name Saroyan, William,
Dates associated with a name 1908-1981.
9 (RLIN) 52417
245 10 - TITLE STATEMENT
Title Three plays :
Remainder of title My heart's in the Highlands, The time of your life, Love's old sweet song /
Statement of responsibility, etc. William Saroyan.
260 ## - PUBLICATION, DISTRIBUTION, ETC. (IMPRINT)
Place of publication, distribution, etc. New York :
Name of publisher, distributor, etc. Harcourt, Brace and company,
Date of publication, distribution, etc. c1940.
300 ## - PHYSICAL DESCRIPTION
Pagination 4 p.l., 121, 200, 146 p. ;
Size 22 cm.
650 #0 - SUBJECT ADDED ENTRY--TOPICAL TERM
Topical term or geographic name as entry element African Americans
Form subdivision Drama.
9 (RLIN) 52418
942 ## - ADDED ENTRY ELEMENTS (KOHA)
Source of classification or shelving scheme Dewey Decimal Classification
Koha item type Books
Holdings
Lost status Source of classification or shelving scheme Damaged status Not for loan Collection code Permanent Location Current Location Shelving location Date acquired Source of acquisition Total Checkouts Full call number Date last seen Copy number Koha item type
  Dewey Decimal Classification   Not For Loan Non-fiction Central Library, University of Rajshahi Central Library, University of Rajshahi Reading Room 26/02/1958 U.S.I.S   811.5 SAT 1940 16/02/2014 C-1 Books